[Event "Las Vegas National op"]
[Site "Las Vegas"]
[Date "2025.06.05"]
[Round "2"]
[White "Adhikari, Sunav"]
[Black "Wang, Isaac"]
[Result "0-1"]
[WhiteElo "1958"]
[BlackElo "2364"]
[PlyCount "118"]
[EventDate "2025.06.04"]
[EventType "swiss"]
[EventRounds "9"]
[EventCountry "USA"]
[SourceTitle "CB24_2025"]
[SourceDate "2025.06.11"]
[SourceVersion "1"]
[SourceVersionDate "2025.06.11"]
[SourceQuality "1"]

1. d4 Nf6 2. c4 e6 3. Nf3 d5 4. Nc3 h6 5. cxd5 exd5 6. Bf4 Bd6 7. Bxd6 Qxd6 8. e3 0-0 9. Bd3 Bg4 10. h3 Bxf3 11. Qxf3 Nbd7 12. 0-0 a6 13. Rfc1 Rfe8 14. Ne2 c6 15. Qf4 Qf8 16. Ng3 g6 17. Rc3 Kg7 18. Rac1 Qe7 19. a3 a5 20. Qc7 Reb8 21. Bf5 a4 22. Bxd7 Nxd7 23. Ne2 Qe8 24. Nf4 Nf6 25. Nd3 Ne4 26. R3c2 Qd8 27. Qxd8 Rxd8 28. Nc5 Nd6 29. Nd3 g5 30. g3 f6 31. Nc5 Kg6 32. Kg2 Re8 33. Rh1 Re7 34. Re1 Ra5 35. Ree2 h5 36. Rc3 Ra8 37. Rcc2 Nf5 38. Red2 h4 39. g4 Nd6 40. Re2 f5 41. Nd3 Nc4 42. Ne1 Re4 43. gxf5+ Kxf5 44. Nf3 g4 45. Nd2 Nxd2 46. Rexd2 Rg8 47. Rc1 g3 48. Rf1 Ke6 49. Rd3 gxf2+ 50. Kxf2 Rg3 51. Rh1 Kd6 52. b3 axb3 53. Rxb3 Rxd4 54. Rg1 Rf4+ 55. Ke2 Rxg1 56. exf4 b5 57. Rc3 d4 58. Rf3 Rg2+ 59. Kf1 Rg3 0-1

[Event "Las Vegas National op"]
[Site "Las Vegas"]
[Date "2025.06.05"]
[Round "3"]
[White "Wang, Isaac"]
[Black "Cruz, Cristhian"]
[Result "1/2-1/2"]
[WhiteElo "2364"]
[BlackElo "2488"]
[PlyCount "38"]
[EventDate "2025.06.04"]
[EventType "swiss"]
[EventRounds "9"]
[EventCountry "USA"]
[SourceTitle "CB24_2025"]
[SourceDate "2025.06.11"]
[SourceVersion "1"]
[SourceVersionDate "2025.06.11"]
[SourceQuality "1"]

1. d4 e6 2. c4 d5 3. Nc3 Bb4 4. a3 Bxc3+ 5. bxc3 c5 6. cxd5 exd5 7. e3 Ne7 8. Bd3 0-0 9. Ne2 Bf5 10. 0-0 Bxd3 11. Qxd3 Qd6 12. a4 Nd7 13. Ba3 Rac8 14. Rfd1 Rfe8 15. Nf4 Qc6 16. dxc5 Nxc5 17. Bxc5 Qxc5 18. Rab1 b6 19. Nxd5 Nxd5 1/2-1/2

[Event "Las Vegas National op"]
[Site "Las Vegas"]
[Date "2025.06.04"]
[Round "1"]
[White "Wang, Isaac"]
[Black "Iinuma, Paul Y"]
[Result "1-0"]
[WhiteElo "2364"]
[BlackElo "2058"]
[PlyCount "69"]
[EventDate "2025.06.04"]
[EventType "swiss"]
[EventRounds "9"]
[EventCountry "USA"]
[SourceTitle "CB24_2025"]
[SourceDate "2025.06.11"]
[SourceVersion "1"]
[SourceVersionDate "2025.06.11"]
[SourceQuality "1"]

1. d4 Nf6 2. c4 c5 3. d5 b5 4. cxb5 a6 5. e3 axb5 6. Bxb5 Qa5+ 7. Nc3 Bb7 8. Bd2 Qb6 9. a4 Nxd5 10. Nf3 e6 11. 0-0 Nb4 12. e4 Be7 13. Bf4 0-0 14. Ne5 Qd8 15. Nxd7 Nxd7 16. Bxd7 c4 17. Be3 Nd3 18. Bb5 Bf6 19. Qe2 Qc7 20. f3 Rfc8 21. Rab1 Be5 22. h3 Rd8 23. Kh1 Rac8 24. Nd1 Nf4 25. Qc2 Nh5 26. Re1 f5 27. exf5 exf5 28. Bf2 Ng3+ 29. Kg1 Bf4 30. Ne3 Qb8 31. Nxf5 Rd2 32. Ne7+ Kh8 33. Nxc8 Qxc8 34. Qxd2 Bxd2 35. Re8+ 1-0

[Event "Charlotte Spring GM-A"]
[Site "Charlotte"]
[Date "2025.04.17"]
[Round "2"]
[White "Wang, Isaac"]
[Black "Wang, Tianqi"]
[Result "1-0"]
[WhiteElo "2348"]
[BlackElo "2355"]
[PlyCount "85"]
[EventDate "2025.04.16"]
[EventType "tourn"]
[EventRounds "9"]
[EventCountry "USA"]
[EventCategory "6"]
[SourceTitle "CB17_2025"]
[SourceDate "2025.04.23"]
[SourceVersion "1"]
[SourceVersionDate "2025.04.23"]
[SourceQuality "1"]

1. d4 d5 2. c4 c6 3. Nc3 Nf6 4. Nf3 dxc4 5. a4 Bf5 6. Ne5 Nbd7 7. Nxc4 Nb6 8. Ne5 a5 9. h4 h6 10. f3 Nfd7 11. e4 Bh7 12. Nd3 e6 13. Be3 Bd6 14. Bf2 Qc7 15. Rh3 0-0 16. Qb3 Kh8 17. g4 f5 18. g5 fxe4 19. fxe4 Bf4 20. Be2 h5 21. Bxh5 Bd6 22. Qxe6 Rxf2 23. Kxf2 Nf8 24. Qf7 Nbd7 25. Kg2 Qb6 26. Qf2 Ne6 27. d5 Nec5 28. Nxc5 Bxc5 29. Qe2 Ne5 30. Rf1 Bd4 31. Bf7 Nxf7 32. Rxf7 cxd5 33. Rhf3 Qc5 34. Nxd5 Bg6 35. Ne7 Bxf7 36. Rxf7 g6 37. Nxg6+ Kg8 38. Rxb7 Re8 39. Qd3 Bg7 40. Qd5+ Qxd5 41. exd5 Re4 42. Kf3 Rd4 43. Ne7+ 1-0

[Event "US Masters op"]
[Site "Charlotte"]
[Date "2024.11.28"]
[Round "2"]
[White "Woodward, Andy"]
[Black "Wang, Isaac"]
[Result "1-0"]
[WhiteElo "2525"]
[BlackElo "2328"]
[PlyCount "81"]
[EventDate "2024.11.27"]
[EventType "swiss"]
[EventRounds "9"]
[EventCountry "USA"]
[SourceTitle "CB49_2024"]
[SourceDate "2024.12.04"]
[SourceVersion "1"]
[SourceVersionDate "2024.12.04"]
[SourceQuality "1"]

1. d4 Nf6 2. Nf3 e6 3. Bf4 d5 4. e3 c5 5. Nbd2 Nc6 6. c3 Nh5 7. Bg5 f6 8. Bh4 g6 9. Bd3 cxd4 10. cxd4 Bd6 11. 0-0 0-0 12. a3 a5 13. Nb1 Bd7 14. Nc3 Qe8 15. Be2 a4 16. e4 dxe4 17. Nxe4 Be7 18. Re1 Nf4 19. Bc4 Qf7 20. Bg3 Nd5 21. Bd6 b6 22. Rc1 Rfe8 23. Bb5 Nb8 24. Bc4 Nc6 25. Bxe7 Qxe7 26. Nc5 bxc5 27. Bxd5 Rab8 28. dxc5 Rxb2 29. Qxa4 Rc8 30. Qe4 exd5 31. Qxe7 Nxe7 32. Rxe7 Bg4 33. h3 Bxf3 34. gxf3 Rb3 35. Rd7 Rxf3 36. c6 Rxa3 37. c7 Raa8 38. Rd1 Re8 39. R1xd5 Rac8 40. R5d6 Rf8 41. Re7 1-0

[Event "Charlotte Fall IM-A"]
[Site "Charlotte"]
[Date "2024.11.25"]
[Round "7"]
[White "Wang, Isaac"]
[Black "Girsh, Daniel"]
[Result "1/2-1/2"]
[WhiteElo "2328"]
[BlackElo "2180"]
[PlyCount "107"]
[EventDate "2024.11.22"]
[EventType "tourn"]
[EventRounds "9"]
[EventCountry "USA"]
[EventCategory "1"]
[SourceTitle "CB49_2024"]
[SourceDate "2024.12.04"]
[SourceVersion "1"]
[SourceVersionDate "2024.12.04"]
[SourceQuality "1"]

1. d4 Nf6 2. c4 e6 3. Nf3 d5 4. Nc3 a6 5. cxd5 exd5 6. Bg5 Be6 7. Bxf6 Qxf6 8. Qb3 Ra7 9. g3 Qd8 10. h4 Be7 11. Ng5 Bxg5 12. hxg5 Nc6 13. Bg2 Ne7 14. Qc2 Bf5 15. e4 dxe4 16. Bxe4 Qd7 17. 0-0-0 Ra8 18. Rde1 Kf8 19. Qb3 Rb8 20. Rh4 h5 21. Rf4 g6 22. Bf3 Kg7 23. d5 Rhe8 24. Rh1 Nc8 25. Qc4 Qe7 26. Bxh5 Nd6 27. Qd4+ Qe5 28. Bf3 Qxd4 29. Rxd4 Re5 30. Rdh4 Rbe8 31. Rh7+ Kf8 32. Rh8+ Ke7 33. Rxe8+ Kxe8 34. Bd1 b5 35. g4 Bd7 36. a3 a5 37. f4 Re3 38. Rg1 b4 39. axb4 axb4 40. Ne2 Rd3 41. Rg3 Rxd5 42. Re3+ Kd8 43. Ng3 Rd4 44. f5 gxf5 45. gxf5 Nxf5 46. Nxf5 Bxf5 47. Bb3 Bg6 48. Rf3 Ke7 49. Re3+ Re4 50. Rxe4+ Bxe4 51. Kd2 Bg6 52. Ke3 c5 53. Kf4 Bd3 54. Bd5 1/2-1/2

[Event "Charlotte Fall IM-A"]
[Site "Charlotte"]
[Date "2024.11.22"]
[Round "2"]
[White "Wang, Isaac"]
[Black "Tang, Dylan"]
[Result "1-0"]
[WhiteElo "2328"]
[BlackElo "2192"]
[PlyCount "99"]
[EventDate "2024.11.22"]
[EventType "tourn"]
[EventRounds "9"]
[EventCountry "USA"]
[EventCategory "1"]
[SourceTitle "CB49_2024"]
[SourceDate "2024.12.04"]
[SourceVersion "1"]
[SourceVersionDate "2024.12.04"]
[SourceQuality "1"]

1. d4 Nf6 2. Nf3 d5 3. c4 e6 4. Nc3 Bb4 5. cxd5 exd5 6. Bg5 h6 7. Bh4 0-0 8. e3 Bf5 9. a3 Bxc3+ 10. bxc3 Nbd7 11. Be2 c6 12. 0-0 Qe7 13. Nd2 Rfd8 14. a4 b6 15. Re1 Nf8 16. Bf1 Ng6 17. Bg3 Re8 18. a5 b5 19. a6 Qd7 20. f3 Re7 21. Nb3 Rae8 22. Nc5 Qd8 23. Nb7 Qd7 24. Qd2 h5 25. Bd6 Re6 26. Bb4 Qc7 27. Ba5 Qc8 28. Nc5 R6e7 29. Bb4 Qc7 30. Re2 Bc8 31. Rae1 Kh7 32. Ra1 Kg8 33. Ree1 Bf5 34. Qf2 Kh7 35. Nb7 Re6 36. Qg3 Qxg3 37. hxg3 Rxe3 38. Rxe3 Rxe3 39. Kf2 Re6 40. Nd8 Nd7 41. Nxe6 Bxe6 42. Bd3 Kh6 43. Bd6 Nb6 44. Bb8 Nc8 45. Rh1 Nf8 46. g4 g6 47. gxh5 g5 48. f4 f6 49. fxg5+ fxg5 50. Bc7 1-0

[Event "USA-ch U16"]
[Site "Lisle"]
[Date "2024.06.23"]
[Round "6"]
[White "Chen, Ryo"]
[Black "Wang, Isaac"]
[Result "0-1"]
[WhiteElo "2374"]
[BlackElo "2342"]
[PlyCount "120"]
[EventDate "2024.06.20"]
[EventType "tourn"]
[EventRounds "9"]
[EventCountry "USA"]
[EventCategory "4"]
[SourceTitle "CBM 220 Extra"]
[Source "ChessBase"]
[SourceDate "2024.07.31"]
[SourceVersion "1"]
[SourceVersionDate "2024.07.31"]
[SourceQuality "1"]

1. e4 c5 2. Nf3 d6 3. d4 cxd4 4. Nxd4 Nf6 5. Nc3 a6 6. Rg1 b5 7. a4 b4 8. Nd5 Nxd5 9. exd5 Bb7 10. Nf5 Qa5 11. Ne3 Nd7 12. b3 Nf6 13. Bc4 g6 14. Bb2 Bg7 15. g4 0-0 16. g5 Nh5 17. Bxg7 Nxg7 18. Qd4 Qc5 19. 0-0-0 Qxd4 20. Rxd4 a5 21. Re1 Bc8 22. Bb5 e5 23. Rc4 Nf5 24. Rc6 Rd8 25. Nc4 Ra7 26. Kb2 Kf8 27. c3 bxc3+ 28. Kxc3 Bd7 29. Ra6 Rxa6 30. Bxa6 Bc8 31. Bb5 Bb7 32. Bc6 Bxc6 33. dxc6 Ra8 34. Rd1 Ra6 35. Kb2 Ke7 36. Rd5 Ke6 37. Rxa5 Rxc6 38. Ra8 Nd4 39. Rb8 d5 40. Ne3 Nf3 41. a5 d4 42. Nc4 d3 43. Rd8 e4 44. Re8+ Kf5 45. Ne3+ Kf4 46. Nd5+ Kxg5 47. Rxe4 Rc2+ 48. Ka3 d2 49. Ne3 Rc3 50. Nd1 Rc1 51. Nb2 Rb1 52. a6 Rxb2 53. Kxb2 d1Q 54. a7 Qd2+ 55. Ka3 Qc1+ 56. Kb4 Qc6 57. Re7 Kf6 58. Rd7 Ne5 59. Rc7 Qb6+ 60. Ka3 Qa6+ 0-1

[Event "USA-ch U16"]
[Site "Lisle"]
[Date "2024.06.23"]
[Round "7"]
[White "Wang, Isaac"]
[Black "Zhao, Erick"]
[Result "1/2-1/2"]
[WhiteElo "2342"]
[BlackElo "2359"]
[PlyCount "48"]
[EventDate "2024.06.20"]
[EventType "tourn"]
[EventRounds "9"]
[EventCountry "USA"]
[EventCategory "4"]
[SourceTitle "CBM 220 Extra"]
[Source "ChessBase"]
[SourceDate "2024.07.31"]
[SourceVersion "1"]
[SourceVersionDate "2024.07.31"]
[SourceQuality "1"]

1. d4 Nf6 2. c4 g6 3. Nc3 d5 4. cxd5 Nxd5 5. Bd2 Nb6 6. e3 Bg7 7. h4 h5 8. Nf3 Nc6 9. Ng5 0-0 10. f4 Bg4 11. Be2 Bxe2 12. Qxe2 Qd7 13. 0-0 Rad8 14. Rfd1 f6 15. Nf3 Qg4 16. Be1 e5 17. dxe5 fxe5 18. Nxe5 Nxe5 19. fxe5 Qxe2 20. Nxe2 Bxe5 21. Bc3 Bxc3 22. Nxc3 Nc4 23. Rxd8 Rxd8 24. Rd1 Rxd1+ 1/2-1/2

[Event "USA-ch U16"]
[Site "Lisle"]
[Date "2024.06.22"]
[Round "4"]
[White "Wang, Isaac"]
[Black "Adewumi, Tanitoluwa"]
[Result "0-1"]
[WhiteElo "2342"]
[BlackElo "2335"]
[PlyCount "94"]
[EventDate "2024.06.20"]
[EventType "tourn"]
[EventRounds "9"]
[EventCountry "USA"]
[EventCategory "4"]
[SourceTitle "CBM 220 Extra"]
[Source "ChessBase"]
[SourceDate "2024.07.31"]
[SourceVersion "1"]
[SourceVersionDate "2024.07.31"]
[SourceQuality "1"]

1. d4 Nf6 2. c4 e6 3. Nf3 b6 4. g3 Bb7 5. Bg2 Be7 6. 0-0 0-0 7. d5 exd5 8. Nh4 c6 9. cxd5 Nxd5 10. Nf5 Nc7 11. Nc3 d5 12. e4 Bf6 13. exd5 cxd5 14. Bf4 Nba6 15. Re1 Qd7 16. Bh3 Qd8 17. Nd6 Bc6 18. Qf3 Nb4 19. Rad1 Nc2 20. Rf1 Nd4 21. Qe3 Nde6 22. Nde4 Nxf4 23. Qxf4 Bxc3 24. Nxc3 Re8 25. Bg2 Qd7 26. Rd2 Rad8 27. Rfd1 Ne6 28. Qg4 d4 29. Ne2 Bxg2 30. Kxg2 Qd5+ 31. Qf3 Qxa2 32. b3 Qa5 33. Nxd4 Ng5 34. Qb7 Rb8 35. Qd7 Rbd8 36. Qb7 h6 37. h4 Ne4 38. Nc6 Rxd2 39. Nxa5 Rxd1 40. Nc6 Re6 41. Ne7+ Kh7 42. Nf5 Rd2 43. Qxf7 Rxf2+ 44. Kg1 Rg6 45. Qd5 Rf4 46. Kh2 Nxg3 47. Nxg3 Rxh4+ 0-1

[Event "Las Vegas 1000 GM June GM-A"]
[Site "Las Vegas"]
[Date "2024.06.14"]
[Round "9"]
[White "Kunka, Harshid"]
[Black "Wang, Isaac"]
[Result "1/2-1/2"]
[WhiteElo "2331"]
[BlackElo "2342"]
[PlyCount "61"]
[EventDate "2024.06.10"]
[EventType "tourn"]
[EventRounds "9"]
[EventCountry "USA"]
[EventCategory "7"]
[SourceTitle "CBM 220 Extra"]
[Source "ChessBase"]
[SourceDate "2024.07.31"]
[SourceVersion "1"]
[SourceVersionDate "2024.07.31"]
[SourceQuality "1"]

1. e4 c5 2. Nf3 e6 3. d4 cxd4 4. Nxd4 a6 5. Bd3 d6 6. 0-0 Nf6 7. c4 g6 8. Nc3 Bg7 9. Be3 0-0 10. f4 Nbd7 11. Kh1 Qc7 12. Rc1 b6 13. b4 Bb7 14. Nb3 Rac8 15. Qe2 Qb8 16. a4 Rfe8 17. Bd2 Ba8 18. a5 bxa5 19. Nxa5 h5 20. Na4 h4 21. c5 dxc5 22. bxc5 Bc6 23. Nxc6 Rxc6 24. Bxa6 Nxe4 25. Bb5 Rxc5 26. Nxc5 Nexc5 27. Be3 Rc8 28. Rc2 Bf8 29. Rd1 Nf6 30. Rdc1 Nfe4 31. Bd3 1/2-1/2

[Event "Las Vegas 1000 GM June GM-A"]
[Site "Las Vegas"]
[Date "2024.06.13"]
[Round "6"]
[White "Wang, Isaac"]
[Black "Fernandez, Daniel Howard"]
[Result "0-1"]
[WhiteElo "2342"]
[BlackElo "2526"]
[PlyCount "106"]
[EventDate "2024.06.10"]
[EventType "tourn"]
[EventRounds "9"]
[EventCountry "USA"]
[EventCategory "7"]
[SourceTitle "CBM 220 Extra"]
[Source "ChessBase"]
[SourceDate "2024.07.31"]
[SourceVersion "1"]
[SourceVersionDate "2024.07.31"]
[SourceQuality "1"]

1. d4 a6 2. e4 e6 3. c4 d5 4. exd5 exd5 5. Nc3 Nf6 6. Nf3 Nc6 7. cxd5 Nxd5 8. Bc4 Be6 9. Bb3 Be7 10. 0-0 0-0 11. Ne4 Bf5 12. Re1 Re8 13. Bd2 Bf8 14. Bg5 Qd7 15. Nc5 Bxc5 16. dxc5 Rxe1+ 17. Qxe1 Re8 18. Qd2 Ndb4 19. Qxd7 Bxd7 20. Rd1 Be6 21. Bxe6 fxe6 22. a3 Nd5 23. g3 h6 24. Bc1 Kf7 25. Kf1 g5 26. h4 g4 27. Nd4 Nxd4 28. Rxd4 h5 29. Ke2 c6 30. Rd3 e5 31. b4 Kg6 32. Bd2 Kf5 33. Rb3 Rf8 34. a4 Ke4 35. b5 axb5 36. axb5 Rf3 37. Rb2 Ra3 38. bxc6 bxc6 39. Rc2 Ra4 40. Bc1 Ne7 41. Ke1 Kf3 42. Bb2 e4 43. Rc3+ Kg2 44. Rb3 Nd5 45. Be5 Rc4 46. Rb2 Rc1+ 47. Ke2 Rxc5 48. Bd4 Rc4 49. Be5 Rc1 50. Rd2 Nc3+ 51. Ke3 Re1+ 52. Kf4 Ne2+ 53. Kxe4 Nxg3+ 0-1

[Event "Las Vegas 1000 GM June GM-A"]
[Site "Las Vegas"]
[Date "2024.06.11"]
[Round "2"]
[White "Cordova, Emilio"]
[Black "Wang, Isaac"]
[Result "1/2-1/2"]
[WhiteElo "2529"]
[BlackElo "2342"]
[PlyCount "42"]
[EventDate "2024.06.10"]
[EventType "tourn"]
[EventRounds "9"]
[EventCountry "USA"]
[EventCategory "7"]
[SourceTitle "CBM 220 Extra"]
[Source "ChessBase"]
[SourceDate "2024.07.31"]
[SourceVersion "1"]
[SourceVersionDate "2024.07.31"]
[SourceQuality "1"]

1. Nf3 Nf6 2. b3 b6 3. g3 Bb7 4. Bg2 g6 5. Bb2 Bg7 6. c4 0-0 7. d4 c5 8. 0-0 d5 9. dxc5 dxc4 10. Qxd8 Rxd8 11. cxb6 axb6 12. bxc4 Na6 13. Rc1 Nc5 14. Ne1 Bxg2 15. Kxg2 Nfe4 16. Bxg7 Kxg7 17. Nc3 Rd2 18. Nxe4 Nxe4 19. Rc2 Ra4 20. a3 Rxc2 21. Nxc2 Rxc4 1/2-1/2

[Event "Las Vegas 1000 GM GM-A"]
[Site "Las Vegas"]
[Date "2024.06.03"]
[Round "6"]
[White "Krishnan, Varun"]
[Black "Wang, Isaac"]
[Result "1/2-1/2"]
[WhiteElo "2340"]
[BlackElo "2336"]
[PlyCount "179"]
[EventDate "2024.05.31"]
[EventType "tourn"]
[EventRounds "9"]
[EventCountry "USA"]
[EventCategory "6"]
[SourceTitle "CBM 220 Extra"]
[Source "ChessBase"]
[SourceDate "2024.07.31"]
[SourceVersion "1"]
[SourceVersionDate "2024.07.31"]
[SourceQuality "1"]

1. e4 c5 2. Nf3 d6 3. d4 cxd4 4. Nxd4 Nf6 5. Nc3 a6 6. h3 e5 7. Nb3 Be6 8. f4 exf4 9. Bxf4 Nc6 10. Qe2 Nd7 11. 0-0-0 Nce5 12. Nd4 Be7 13. Nf5 Bxf5 14. exf5 0-0 15. h4 Re8 16. g4 Rc8 17. Nd5 Bf8 18. Qg2 Qa5 19. Kb1 Nb6 20. Nxb6 Qxb6 21. Rh3 Qb4 22. Qg3 Nc4 23. Bxc4 Qxc4 24. Rh2 Re2 25. Rxe2 Qxe2 26. Rc1 Qe4 27. Bxd6 Bxd6 28. Qxd6 Qxg4 29. Qd7 Qc4 30. Qxb7 Rf8 31. f6 g6 32. h5 Rc8 33. hxg6 hxg6 34. Qf3 a5 35. Qf2 Rd8 36. a3 a4 37. Rh1 Qd4 38. Qf3 Rb8 39. b3 axb3 40. cxb3 Rxb3+ 41. Qxb3 Qe4+ 42. Kb2 Qg2+ 43. Qc2 Qb7+ 44. Qb3 Qg2+ 45. Kc3 Qxh1 46. Qb8+ Kh7 47. Qd6 Qf3+ 48. Kc4 Qe4+ 49. Kc3 Qe1+ 50. Kc4 Qe4+ 51. Kb5 Qb7+ 52. Kc5 Kg8 53. Qd8+ Kh7 54. Qe7 Qc8+ 55. Kb6 Qb8+ 56. Kc5 Qc8+ 57. Kd5 Qa8+ 58. Kd4 Qa4+ 59. Kc3 Qa5+ 60. Kc4 Qa4+ 61. Kd5 Qb5+ 62. Kd6 Qb6+ 63. Kd7 Qb7+ 64. Kd6 Qb6+ 65. Kd5 Qb5+ 66. Kd4 Qb6+ 67. Ke4 Qc6+ 68. Kd3 Qd5+ 69. Ke3 Qb3+ 70. Kd2 Qb2+ 71. Kd3 Qb3+ 72. Kd4 Qb6+ 73. Kc4 Qa6+ 74. Kb3 Qb6+ 75. Kc4 Qa6+ 76. Kd5 Qb5+ 77. Kd6 Qb6+ 78. Ke5 Qb5+ 79. Kd4 Qb6+ 80. Kd3 Qb5+ 81. Ke3 Qb6+ 82. Ke2 Qb5+ 83. Kf2 Qb6+ 84. Kf3 Qc6+ 85. Kg3 Qc3+ 86. Kf2 Qb2+ 87. Kf1 Qa1+ 88. Kg2 Qb2+ 89. Kf3 Qc3+ 90. Ke4 1/2-1/2

[Event "Las Vegas 1000 GM GM-A"]
[Site "Las Vegas"]
[Date "2024.06.01"]
[Round "3"]
[White "Wang, Isaac"]
[Black "Cerveny, Martin"]
[Result "1/2-1/2"]
[WhiteElo "2336"]
[BlackElo "2367"]
[PlyCount "53"]
[EventDate "2024.05.31"]
[EventType "tourn"]
[EventRounds "9"]
[EventCountry "USA"]
[EventCategory "6"]
[SourceTitle "CBM 220 Extra"]
[Source "ChessBase"]
[SourceDate "2024.07.31"]
[SourceVersion "1"]
[SourceVersionDate "2024.07.31"]
[SourceQuality "1"]

1. d4 Nf6 2. c4 d6 3. Nc3 e5 4. Nf3 Nbd7 5. d5 g6 6. e4 Nc5 7. Qc2 a5 8. h3 Be7 9. Be3 Nfxe4 10. Nxe4 Nxe4 11. Nxe5 dxe5 12. Qxe4 Bb4+ 13. Bd2 Bxd2+ 14. Kxd2 0-0 15. Qxe5 Re8 16. Qf4 b5 17. Rd1 a4 18. Kc1 a3 19. b3 bxc4 20. Bxc4 Ba6 21. Bxa6 Rxa6 22. Rhe1 Rxe1 23. Rxe1 Qxd5 24. Re8+ Kg7 25. Qe5+ Qxe5 26. Rxe5 h5 27. Rc5 1/2-1/2

[Event "Las Vegas 1000 GM GM-A"]
[Site "Las Vegas"]
[Date "2024.05.31"]
[Round "1"]
[White "Wang, Isaac"]
[Black "Levine, Joseph1"]
[Result "1/2-1/2"]
[WhiteElo "2336"]
[BlackElo "2373"]
[PlyCount "135"]
[EventDate "2024.05.31"]
[EventType "tourn"]
[EventRounds "9"]
[EventCountry "USA"]
[EventCategory "6"]
[SourceTitle "CBM 220 Extra"]
[Source "ChessBase"]
[SourceDate "2024.07.31"]
[SourceVersion "1"]
[SourceVersionDate "2024.07.31"]
[SourceQuality "1"]

1. e4 e6 2. d4 d5 3. Nc3 Nf6 4. Bg5 Be7 5. e5 Nfd7 6. h4 Bxg5 7. hxg5 Qxg5 8. Nh3 Qh4 9. Nb5 Kd8 10. Qd2 a6 11. Nc3 c5 12. dxc5 Nc6 13. 0-0-0 h6 14. Be2 Qb4 15. Nf4 Qxc5 16. Ncxd5 exd5 17. Nxd5 Ndxe5 18. f4 Be6 19. b4 Qd6 20. Qc3 Nd7 21. Qxg7 Qf8 22. Qxf8+ Rxf8 23. Nb6 Kc7 24. Nxa8+ Rxa8 25. a3 Rg8 26. Bf3 Rg6 27. Rh5 Nf6 28. f5 Nxh5 29. fxg6 fxg6 30. Rh1 Bf7 31. Bxh5 gxh5 32. Rf1 Be6 33. Rf6 Bg4 34. Kd2 Ne7 35. Rxh6 Nf5 36. Rf6 Nd6 37. Rf4 b5 38. Kc3 Kc6 39. Kd4 Kd7 40. Kc5 Kc7 41. Rf8 Nc4 42. Rf7+ Kd8 43. Ra7 Nxa3 44. Rxa6 Nxc2 45. Ra2 Ne3 46. Kxb5 Kc7 47. Kc5 h4 48. b5 Bc8 49. Re2 Nf5 50. Re8 Bb7 51. Re5 Bc8 52. b6+ Kb7 53. Re8 Bd7 54. Rh8 Ba4 55. Rh7+ Kb8 56. Rf7 Ne3 57. Rf4 Bc2 58. Rxh4 Nxg2 59. Rh8+ Kb7 60. Rg8 Nf4 61. Rg7+ Kb8 62. Re7 Ng6 63. Re8+ Kb7 64. Rg8 Be4 65. Rg7+ Kb8 66. b7 Ka7 67. Kd6 Kb8 68. Kc5 1/2-1/2

[Event "San Francisco 1000 GM Memorial Day"]
[Site "San Francisco"]
[Date "2024.05.24"]
[Round "3"]
[White "Xavier, Negron"]
[Black "Wang, Isaac"]
[Result "0-1"]
[WhiteElo "1789"]
[BlackElo "2336"]
[PlyCount "86"]
[EventDate "2024.05.23"]
[EventType "swiss"]
[EventRounds "9"]
[EventCountry "USA"]
[SourceTitle "CBM 220 Extra"]
[Source "ChessBase"]
[SourceDate "2024.07.31"]
[SourceVersion "1"]
[SourceVersionDate "2024.07.31"]
[SourceQuality "1"]

1. e4 c5 2. Nf3 d6 3. d4 cxd4 4. Nxd4 Nf6 5. f3 e5 6. Nb3 d5 7. Bg5 d4 8. c3 Nc6 9. Bb5 h6 10. Bxf6 Qxf6 11. cxd4 Bb4+ 12. Nc3 0-0 13. Bxc6 bxc6 14. dxe5 Qxe5 15. Qd4 Qe7 16. 0-0 Be6 17. Kh1 a5 18. Na4 Rfd8 19. Qe3 Qh4 20. Rfd1 Bd6 21. e5 Bc7 22. Nbc5 Bf5 23. g3 Qc4 24. b3 Qc2 25. Rdc1 Qd2 26. Qxd2 Rd4 27. Qd3 Rxd3 28. Rd1 Rxd1+ 29. Rxd1 Bxe5 30. Nb6 Rb8 31. Nc4 Bc3 32. Kg2 h5 33. Na4 Bb4 34. Kf2 Be6 35. Ne5 Bd5 36. Rc1 Re8 37. Nxc6 Bd2 38. Rc2 Be3+ 39. Kg2 g5 40. h3 g4 41. hxg4 hxg4 42. Nxa5 gxf3+ 43. Kf1 Be6 0-1

[Event "Sunnyvale 1000 GM Winter 01"]
[Site "Sunnyvale"]
[Date "2024.01.04"]
[Round "4"]
[White "Nagy, Gabor"]
[Black "Wang, Isaac"]
[Result "1/2-1/2"]
[WhiteElo "2450"]
[BlackElo "2316"]
[PlyCount "59"]
[EventDate "2024.01.02"]
[EventType "schev"]
[EventRounds "9"]
[EventCountry "USA"]
[SourceTitle "CBM 218 Extra"]
[Source "ChessBase"]
[SourceDate "2024.03.31"]
[SourceVersion "1"]
[SourceVersionDate "2024.03.31"]
[SourceQuality "1"]

1. c4 e5 2. Nc3 Bb4 3. Nd5 Be7 4. Nf3 c6 5. Nxe7 Qxe7 6. d4 e4 7. Nd2 d6 8. Nb1 Nf6 9. Nc3 Bf5 10. h3 h6 11. Bf4 g5 12. Bd2 Nbd7 13. e3 h5 14. Be2 h4 15. Qa4 Be6 16. Qc2 d5 17. cxd5 cxd5 18. Nb5 0-0 19. Qb3 a5 20. Rc1 b6 21. Qa3 Qxa3 22. bxa3 Rfc8 23. 0-0 Ne8 24. a4 Ndf6 25. Rxc8 Rxc8 26. Rc1 Kf8 27. Rxc8 Bxc8 28. Bc1 Ke7 29. Ba3+ Ke6 30. Kf1 1/2-1/2

[Event "Sunnyvale 1000 GM Winter 01"]
[Site "Sunnyvale"]
[Date "2024.01.04"]
[Round "5"]
[White "Wang, Isaac"]
[Black "Miezis, Normunds"]
[Result "1/2-1/2"]
[WhiteElo "2316"]
[BlackElo "2419"]
[PlyCount "61"]
[EventDate "2024.01.02"]
[EventType "schev"]
[EventRounds "9"]
[EventCountry "USA"]
[SourceTitle "CBM 218 Extra"]
[Source "ChessBase"]
[SourceDate "2024.03.31"]
[SourceVersion "1"]
[SourceVersionDate "2024.03.31"]
[SourceQuality "1"]

1. d4 Nf6 2. c4 e6 3. Nf3 Bb4+ 4. Bd2 a5 5. g3 d5 6. Qc2 0-0 7. Bg2 c5 8. cxd5 cxd4 9. Nxd4 Qb6 10. e3 exd5 11. 0-0 Nc6 12. Nxc6 bxc6 13. Rc1 Bd7 14. Nc3 Rfb8 15. Na4 Qd8 16. Bxb4 axb4 17. Nc5 Be8 18. a3 bxa3 19. bxa3 h5 20. Qc3 Qb6 21. a4 Qa5 22. Nb3 Qb4 23. Nd4 Rxa4 24. Rxa4 Qxa4 25. Nxc6 Bxc6 26. Qxc6 Qxc6 27. Rxc6 Rb1+ 28. Bf1 Rd1 29. Rc2 g6 30. Kg2 Kg7 31. Be2 1/2-1/2

[Event "Chesterfield SPICE Cup op"]
[Site "Chesterfield"]
[Date "2023.12.21"]
[Round "8"]
[White "Wang, Isaac"]
[Black "Gedajlovic, Max"]
[Result "0-1"]
[WhiteElo "2333"]
[BlackElo "2390"]
[PlyCount "102"]
[EventDate "2023.12.17"]
[EventType "swiss"]
[EventRounds "9"]
[EventCountry "USA"]
[SourceTitle "CBM 217 Extra"]
[Source "ChessBase"]
[SourceDate "2024.01.31"]
[SourceVersion "1"]
[SourceVersionDate "2024.01.31"]
[SourceQuality "1"]

1. d4 e6 2. c4 b6 3. e4 Bb4+ 4. Bd2 Bxd2+ 5. Qxd2 d5 6. cxd5 exd5 7. e5 Ne7 8. Nc3 0-0 9. Nf3 c5 10. Rd1 Nbc6 11. dxc5 bxc5 12. Nxd5 Nxd5 13. Qxd5 Qa5+ 14. Qd2 Qxa2 15. Qd5 Qa5+ 16. Qd2 Rb8 17. Qxa5 Nxa5 18. Rd2 Re8 19. Be2 Nb3 20. Rd6 Rb6 21. Rxb6 axb6 22. Bc4 Na5 23. Bb5 Re7 24. 0-0 Bd7 25. Be2 Bc6 26. Rd1 g5 27. h3 Kg7 28. b4 cxb4 29. Rd4 b3 30. Rb4 Bxf3 31. Bxf3 Rxe5 32. Rxb6 Rc5 33. Kh2 h6 34. h4 gxh4 35. Kh3 Rc3 36. Kxh4 Nc4 37. Rb7 b2 38. Bd5 Kf6 39. Bxc4 Rxc4+ 40. g4 Rc2 41. f4 Ke6 42. Rb5 Kd6 43. Rb8 Kd5 44. g5 hxg5+ 45. Kxg5 Ke4 46. Rb4+ Ke3 47. Kf6 Rf2 48. f5 Kd3 49. Rb8 Kc2 50. Rc8+ Kd1 51. Rd8+ Kc1 0-1